Quiz sulla città di Rimini - Statistics

Statistiche generali
  • Questo quiz è stato fatto 158 volte
  • Il punteggio medio è 8 su 18
Statistiche sulle risposte
Descrizione Risposta % Corretto
Regione nella quale si trova Rimini Emilia-Romagna
100%
Regista di La Dolce Vita nato a Rimini nel 1920 Federico Fellini
80%
Repubblica indipendente a 27 km di Rimini San Marino
75%
Frazione del Mediterraneo su quale sta Rimini Adriatico
70%
Focaccia tradizionale anche chiamata "pane dei poveri" Piadina
60%
Fiume notoriamente incrociato da Giulio Cesare Rubicone
59%
Famiglia italiana che governò Rimini dal 1295 al 1500 Malatesta
52%
Famoso ponte romano Ponte Tiberio
44%
Arco che terminava questa strada Arco di {Augusto}
43%
Popolo italiano che controllava Rimini prima dei celti Etruschi
39%
Nome latino di Rimini Ariminum
38%
Rimini si trova tra questi due fiumi Marecchia
38%
Strada romana che andava da Roma a Rimini Via {Flaminia}
31%
Castello di questa famiglia Castel {Sismondo}
29%
Creatore di Corto Maltese, nato a Rimini Hugo Pratt
27%
Rimini si trova tra questi due fiumi Ausa
21%
Sport praticato al torneo di spiaggia "Paganello" Frisbee
20%
Nel medioevo, Rimini faceva parte di queso duccato bizantino (con quattro altre città sul mare) {Pentapoli} bizantina
13%
Nessun quiz corrispondente trovato
Distribuzione punteggi
Percentuale di utenti per punteggio
Percentile per numero di risposta
I tuoi punteggi nel tempo
Non hai fatto questo quiz